00473nam a2200169Ia 4500008004100000020001800041040001900059041001200078082001900090245003700109250001300146260004400159300002300203504003000226650002900256850001800285131103s9999 xx 000 0 und d a0 85229 290 2 aLoreto College aEnglish a032/ENCbLCLIB 4aThe New Encyclopaedia Britannica a15th ed. aChicagobEncyclopaedia Britannicac1974 aV.10b ill.c 24cm aReady reference and index aEncyclopaedic dictionary aLCLIB/032/ENC